000 01203cam a22003254i 4500
003 PE-LiUPU
005 20250731184105.0
008 150623s r 000 0 d
035 _a(Sirsi) a29341
040 _aPE-LiUPU
_bspa
_cPE-LiUPU
_erda
082 0 4 _a808.8
_bW47
_221
100 1 _aWerfel, Franz,
_eautor.
245 1 4 _aLos que no nacieron /
_cFranz Werfel ; [versión española de Alfonso Pintó].
264 1 _aBarcelona :
_bLuis de Caralt,
_c1956.
300 _a503 pag. ;
_c20 cm.
336 _atext
_2rdacontent
337 _aunmediated
_2rdamedia
338 _avolume
_2rdacarrier
505 0 _aLa hierba parda. - El djebel y las selvas. - La evasión al jardín de invierno.
526 _aP145
526 _aP127
526 _aP97
526 _aP14
526 _aP07
942 _2ddc
_cBOOK
949 _a808.8 W47
_wDEWEY
_c1
_i13552
_lCCODEBUL1
_mBUL
_p00.00
_r0
_sY
_tBOOK
_u2015-06-24
_xEDUCACION
_zUNKNOWN
_0COMPRA
_o.STAFF. Colección General
596 _a1
999 _a808.8 W47
_wDEWEY
_c36688
_i13552
_f2021-11-5
_g5
_lCCODEBUL1
_mBUL
_r0
_sY
_tBOOK
_u2015-6-24
_xBIBLIOTECA
_zUNKNOWN
_0COMPRA
_o.STAFF. Colección General
_d36688
980 _81
_gALBERTO SANCHEZ Responsable de Automatización